00533 a2200157 45000010006000000050017000060080041000230030015000640400040000790800122001192450036002412640044002773000026003210410008003471000020003556145720260407155905.0260407a1976 arg spa dAR-UNSa-BCEJYS aAR-UNSa-BCEJYSbspacAR-UNSa-BCEJYS a343.533.6xCompetencia ilícita. Sabotaje al rival. Publicidad deshonesta. Soborno a clientes (Concurrencia Desleal)10aDelitos de concurrencia desleal 1aBuenos Aires :bEdiciones Depalmac1976 axxxii, 251 p.c23 cm. aspa1 aDelmanto, Celso